000
00280nam a2200109Ia 4500
008
230907s9999||||xx |||||||||||||| ||und||
082
_a
658.15
_b
BER
100
_a
Berk, Jonathan B.,
_9
115856
245
0
_a
Fundamentals of corporate finance /
300
_a
800 pages ;
942
_c
BK
999
_c
600434
_d
600434